000 00691cam a22002533a 4500
001 17995
003 PGUSA
005 20140828083401.0
008 060315s2006||||xxu|||||s|||||000 | eng d
040 _aPGUSA
_beng
042 _adc
050 4 _aPA
100 1 _aEuripides,
_d--406
245 1 0 _aΗλέκτρα
_h[electronic resource] /
_cEuripides
260 _bProject Gutenberg,
_c2006
506 _aPublic domain in the USA.
516 _aElectronic text
653 _aElectra (Greek mythology) -- Drama
700 1 _aTanagras, Angelos,
_d1877-1964
740 0 _aElectra
830 0 _aProject Gutenberg
_v17995
856 4 0 _uhttp://www.gutenberg.org/ebooks/17995
942 _cEB
999 _c247250
_d247250